000 00866nam a22002777a 4500
999 _c33357
_d33357
001 2538
003 CO-MdFUSB
005 20171116090005.0
008 171116t1995 s ||||| |||| 00| 0 spa d
020 _a84-8005-023-3
040 _aCO-MdFUSB
_bspa
_cCO-MdFUSB
_dCO-MdFUSBC
_erda
041 0 _aspa
082 0 4 _aG 225.7 P619n
100 1 _aPiñero, Antonio
245 1 3 _aEl Nuevo Testamento
_b : Introducción al estudio de los primeros escritos cristianos
_c / Antonio Piñero, Jesús Pelaez
260 _a
264 1 _aCórdoba, España :
_bAlmendro,
_c1995
300 _a569 Pag
336 _2rdacontent
_atexto
_btxt
337 _2rdamedia
_asin mediación
_bn
338 _2rdacarrier
_avolumen
_bnc
650 0 _aHistoria de la Iglesia
_9153
653 _ainterpretación de la Biblia N.T. -
653 _aBiblia N.T. - Lenguaje y estilo
942 _cBK